000 00240nam a2200085Ia 4500
008 170620s9999 xx 000 0 und d
100 _aSharma- R. A. (Hindi)
245 0 _aAnudeshnatmak evam Shikshan Takniki (Hindi)
260 _bMeerut- R. Lal Book Depot
260 _c1994
999 _c23745
_d23745